Osiň

Podrobná bibliografia
Hlavný autor: Sosjura, Volodymyr Mykolajovyč, 1898-1965 (Autor)
Médium: Článok
Jazyk:ukrajinčina
Predmet:

MARC

LEADER 00000nab a2200000 a 4500
001 vtls011734242
003 SK-MaSNL
005 20260303083311.0
008 180103c2017 xo zr p ||00 c0ukr
015 |a SNBRB2018/01 
038 |a SVKPOCL 
040 |a SVKPOCL  |b slo  |c SVKPOCL  |e AACR2 
041 0 |a ukr 
044 |a xo  |c SK 
080 |a 821.161.2-1  |2 2011 
100 1 |a Sosjura, Volodymyr Mykolajovyč,  |d 1898-1965  |4 aut  |9 1089574 
245 1 0 |a Osiň  |c Volodymyr Sosjura 
500 |a Sosjura Volodymyr pozri Sosjura, Volodymyr Mykolajovyč 
650 0 7 |a ukrajinské básne  |2 svkpocl  |9 857154 
650 0 7 |a ukrajinská poézia  |2 SNKPH  |9 59029 
650 0 7 |a ukrajinská literatúra  |2 SNKPH  |9 1218 
773 0 |t Veselka  |g Roč. 65, č. 3 (2017/2018), s. 8 
852 |a SVKPO  |b KIS3GCP 
958 |a SS 
958 |a UA 
958 |a LX 
999 |c 1791121  |d 1793051